000 00311nam a22001217a 4500
082 _a920/RUP
100 _aRupainwar, Dr. Anshu
_981836
245 _aThe Essence Of Kalam's Educational Philosophy
260 _aNew Delhi
_bAravali Books International
_c2020
300 _a180
650 _aBiography
942 _cBK
999 _c66013
_d66013